000 00322nam a2200109 4500
245 _aIn search of a character : two African journals
_cGraham Greene
100 _aGreene, Graham
260 _aHarmondsworth,Eng
_bPenguin Books
_c1969[reprinted 1971]
300 _a105p.; 18cm.-
490 _aPenguin books
082 _a823.91
_bGRE
999 _c1749
_d1749